000 00303nam a22001217a 4500
008 170614b xxu||||| |||| 00| 0 eng d
041 _aeng
080 _a32
100 _a19
101 _aSHP
245 _aECUADOR: CONFLICTING POLITICAL CULTURE AND THE QUEST FOR PROGRESS
_cMARTZ,J.D
942 _2udc
_cBK
999 _c17392
_d17392